000 00571nam a2200181Ia 4500
003 GCL
008 140319s9999 xx 000 0 ara d
040 _aGCL /
_cGCL
082 0 4 _a630.2
_bج ت
100 1 _aجلال الملاح
245 1 0 _aتخطيط وتقيم المشروعات الزراعية نماذج وامثلة من الزراعة السعودية /
_cجلال الملاح
260 _a[S.N] :
_bدار المريخ للنشر ،
_c1991
300 _a246 ص
490 _a
650 0 4 _aالزراعة
650 0 4 _aالبحوث
942 _2ddc
_cBK
999 _c30730
_d30730